| 000 | 00346nam a2200133Ia 4500 | ||
|---|---|---|---|
| 008 | 191201s2019 xx 000 0 und d | ||
| 082 |
_a621.3822 _bLUF |
||
| 100 | _aLUDEMAN, Lonnie C | ||
| 245 | 0 | _aFundamentals of Digital Signal Processing | |
| 260 |
_aN.Delhi _bJohn Willey and Sons |
||
| 300 | _a330 | ||
| 650 | _aB.Tech(ECE) | ||
| 942 |
_2ddc _cBK |
||
| 999 |
_c2125 _d2125 |
||